The Political Economy of Maritime Safety (Record no. 12659)

000 -LEADER
fixed length control field 03850nam a22005295i 4500
001 - CONTROL NUMBER
control field 978-3-031-38945-0
003 - CONTROL NUMBER IDENTIFIER
control field DE-He213
005 - DATE AND TIME OF LATEST TRANSACTION
control field 20250103112333.0
007 - PHYSICAL DESCRIPTION FIXED FIELD--GENERAL INFORMATION
fixed length control field cr nn 008mamaa
008 - FIXED-LENGTH DATA ELEMENTS--GENERAL INFORMATION
fixed length control field 230825s2023 sz | s |||| 0|eng d
020 ## - INTERNATIONAL STANDARD BOOK NUMBER
International Standard Book Number 9783031389450
-- 978-3-031-38945-0
024 ## - OTHER STANDARD IDENTIFIER
Standard number or code 10.1007/978-3-031-38945-0
Source of number or code doi
050 ## - LIBRARY OF CONGRESS CALL NUMBER
Classification number HE561-971
072 ## - SUBJECT CATEGORY CODE
Subject category code KNG
Source bicssc
072 ## - SUBJECT CATEGORY CODE
Subject category code BUS070100
Source bisacsh
072 ## - SUBJECT CATEGORY CODE
Subject category code KNG
Source thema
082 ## - DEWEY DECIMAL CLASSIFICATION NUMBER
Classification number 387.5
Edition number 23
100 ## - MAIN ENTRY--PERSONAL NAME
Personal name Djønne, Ketil.
Relator term author.
Relationship aut
-- http://id.loc.gov/vocabulary/relators/aut
245 ## - TITLE STATEMENT
Title The Political Economy of Maritime Safety
Medium [electronic resource] :
Remainder of title EU Regulation, Ship Classification, and the International Regime /
Statement of responsibility, etc. by Ketil Djønne.
250 ## - EDITION STATEMENT
Edition statement 1st ed. 2023.
260 ## - PUBLICATION, DISTRIBUTION, ETC.
Place of publication, distribution, etc. Cham :
Name of publisher, distributor, etc. Springer Nature Switzerland :
-- Imprint: Palgrave Macmillan,
Date of publication, distribution, etc. 2023.
300 ## - PHYSICAL DESCRIPTION
Extent XXI, 231 p. 20 illus., 1 illus. in color.
Other physical details online resource.
336 ## - CONTENT TYPE
Content type term text
Content type code txt
Source rdacontent
337 ## - MEDIA TYPE
Media type term computer
Media type code c
Source rdamedia
338 ## - CARRIER TYPE
Carrier type term online resource
Carrier type code cr
Source rdacarrier
347 ## - DIGITAL FILE CHARACTERISTICS
File type text file
Encoding format PDF
Source rda
490 ## - SERIES STATEMENT
Series statement Palgrave Studies in Maritime Economics,
International Standard Serial Number 2662-656X
505 ## - FORMATTED CONTENTS NOTE
Formatted contents note 1. Introduction -- 2. Amoco Cadiz and the early days of EC maritime regulation 37 -- 3. Braer and breakthrough for EU maritime engagement and regulation -- 4. Erika, a watershed in international maritime governance 95 -- 5. Prestige and near breakdown of the safety regime -- 6. From EU-IMO confrontation to constructive institutional interaction -- 7. EU maritime safety policy and the international regime, 1975-2015. Summing-up and conclusions.
520 ## - SUMMARY, ETC.
Summary, etc. This book offers unique insight into the public and private governance of international shipping from the 1970s through to the 2010s. Focusing on the part played by maritime classification societies, it highlights the role played by the European Union during this time and its influence in creating transnational maritime regulations. The emergence of the Treaty of Rome and the European Parliament in enabling market liberalisation within the shipping industry on the one hand and more stringent maritime safety regulation on the other is examined, alongside the common transport policy and enforcement of international maritime rules. Particularly attention is given to the growth of the European Union’s maritime presence, the establishment of the European Maritime Safety Agency, developments in flag state implementation, and relations between the International Maritime Organization and the European Union. This book presents a detailed guide to the European Union’s role as a maritime safety regulator and the impact this has had on the shipping industry and its governance structure. It will be relevant to researchers and policymakers interested in maritime and transport economics as well as to students of European affairs and of international relations. Ketil Djønne has lifelong experience from the maritime industry and is a Political Scientist and Historian at the Department of Modern History and Society, Norwegian University of Science and Technology -NTNU.
650 ## - SUBJECT ADDED ENTRY--TOPICAL TERM
Topical term or geographic name entry element Shipping.
650 ## - SUBJECT ADDED ENTRY--TOPICAL TERM
Topical term or geographic name entry element Industrial policy.
650 ## - SUBJECT ADDED ENTRY--TOPICAL TERM
Topical term or geographic name entry element Transportation.
650 ## - SUBJECT ADDED ENTRY--TOPICAL TERM
Topical term or geographic name entry element Maritime Economics.
650 ## - SUBJECT ADDED ENTRY--TOPICAL TERM
Topical term or geographic name entry element Regulation and Industrial Policy.
650 ## - SUBJECT ADDED ENTRY--TOPICAL TERM
Topical term or geographic name entry element Transportation Economics.
710 ## - ADDED ENTRY--CORPORATE NAME
Corporate name or jurisdiction name as entry element SpringerLink (Online service)
773 ## - HOST ITEM ENTRY
Title Springer Nature eBook
776 ## - ADDITIONAL PHYSICAL FORM ENTRY
Relationship information Printed edition:
International Standard Book Number 9783031389443
776 ## - ADDITIONAL PHYSICAL FORM ENTRY
Relationship information Printed edition:
International Standard Book Number 9783031389467
776 ## - ADDITIONAL PHYSICAL FORM ENTRY
Relationship information Printed edition:
International Standard Book Number 9783031389474
830 ## - SERIES ADDED ENTRY--UNIFORM TITLE
Uniform title Palgrave Studies in Maritime Economics,
International Standard Serial Number 2662-656X
856 ## - ELECTRONIC LOCATION AND ACCESS
Uniform Resource Identifier <a href="https://doi.org/10.1007/978-3-031-38945-0">https://doi.org/10.1007/978-3-031-38945-0</a>
912 ## -
-- ZDB-2-ECF
912 ## -
-- ZDB-2-SXEF
Holdings
Withdrawn status Lost status Damaged status Not for loan Permanent Location Current Location Date acquired Date last seen Price effective from Koha item type
        IMU-MPC Library IMU-MPC Library 2025-01-03 2025-01-03 2025-01-03 E-Book
Copyright © 2021 Indian Maritime University, Mumbai Port Campus. All Rights Reserved. Managed & Maintained by Central Library, IMU-Mumbai

webs counters

Powered by Koha